MARC details
| 000 -LEADER |
| fixed length control field |
01394nam a2200337 a 4500 |
| 001 - CONTROL NUMBER |
| control field |
vtls001466249 |
| 003 - CONTROL NUMBER IDENTIFIER |
| control field |
NLI |
| 005 - DATE AND TIME OF LATEST TRANSACTION |
| control field |
20210627125700.0 |
| 008 - FIXED-LENGTH DATA ELEMENTS--GENERAL INFORMATION |
| fixed length control field |
121201s1980 dcu f000 0 eng |
| 039 #9 - LEVEL OF BIBLIOGRAPHIC CONTROL AND CODING DETAIL [OBSOLETE] |
| -- |
201212011834 |
| -- |
VLOAD |
| 040 ## - CATALOGING SOURCE |
| Original cataloging agency |
NLI |
| Language of cataloging |
eng |
| Transcribing agency |
Datasoft_FOD |
| Description conventions |
AACR2 |
| 041 0# - LANGUAGE CODE |
| Language code of text/sound track or separate title |
eng |
| 044 ## - COUNTRY OF PUBLISHING/PRODUCING ENTITY CODE |
| MARC country code |
dcu |
| 082 04 - DEWEY DECIMAL CLASSIFICATION NUMBER |
| Classification number |
363.7394620973 |
| 110 1# - MAIN ENTRY--CORPORATE NAME |
| Corporate name or jurisdiction name as entry element |
United States. |
| Subordinate unit |
Environmental Protection Agency |
| 9 (RLIN) |
677622 |
| 245 10 - TITLE STATEMENT |
| Title |
Ambient water quality criteria for end soul far / |
| Statement of responsibility, etc. |
United States Environmental Protection Agency |
| 260 ## - PUBLICATION, DISTRIBUTION, ETC. |
| Place of publication, distribution, etc. |
Washington, D.C. : |
| Name of publisher, distributor, etc. |
Environmental Protection Agency, |
| Date of publication, distribution, etc. |
1980 |
| 300 ## - PHYSICAL DESCRIPTION |
| Extent |
Various pagings ; |
| Dimensions |
28 cm. |
| 650 #0 - SUBJECT ADDED ENTRY--TOPICAL TERM |
| Topical term or geographic name entry element |
Water |
| General subdivision |
Pollution |
| Geographic subdivision |
United States |
| 9 (RLIN) |
710085 |
| 650 #0 - SUBJECT ADDED ENTRY--TOPICAL TERM |
| Topical term or geographic name entry element |
Water quality |
| General subdivision |
Standards |
| Geographic subdivision |
United States |
| 9 (RLIN) |
709746 |
| 650 #0 - SUBJECT ADDED ENTRY--TOPICAL TERM |
| Topical term or geographic name entry element |
Water |
| General subdivision |
Dissolved oxygen |
| Geographic subdivision |
United States |
| 710 1# - ADDED ENTRY--CORPORATE NAME |
| Corporate name or jurisdiction name as entry element |
United States. |
| Subordinate unit |
Environmental Protection Agency. |
| -- |
Region III. |
| -- |
Chesapeake Bay Program Office |
| 9 (RLIN) |
712022 |
| 710 1# - ADDED ENTRY--CORPORATE NAME |
| Corporate name or jurisdiction name as entry element |
United States. |
| Subordinate unit |
Environmental Protection Agency. |
| -- |
Region III. |
| -- |
Water Protection Division |
| 9 (RLIN) |
712023 |
| 710 1# - ADDED ENTRY--CORPORATE NAME |
| Corporate name or jurisdiction name as entry element |
United States. |
| Subordinate unit |
Environmental Protection Agency. |
| -- |
Office of Water |
| 9 (RLIN) |
710086 |
| 710 1# - ADDED ENTRY--CORPORATE NAME |
| Corporate name or jurisdiction name as entry element |
United States. |
| Subordinate unit |
Environmental Protection Agency. |
| -- |
Office of Science and Technology |
| 9 (RLIN) |
712024 |
| 887 ## - NON-MARC INFORMATION FIELD |
| Content of non-MARC field |
|
| 901 ## - LOCAL DATA ELEMENT A, LDA (RLIN) |
| a |
AD 79814 |
| b |
10.08.2010 |
| 902 ## - LOCAL DATA ELEMENT B, LDB (RLIN) |
| a |
U.S 363.7394620973 Un 3 |
| 904 ## - LOCAL DATA ELEMENT D, LDD (RLIN) |
| l |
C 4723 |
| 942 ## - ADDED ENTRY ELEMENTS (KOHA) |
| Source of classification or shelving scheme |
Dewey Decimal Classification |
| Koha item type |
Books |